000
00289nam a22001217a 4500
003
SGT
082
_a
371.36,YAD
100
_a
YADAV PRIYANKA
245
_a
APPLICATION OF ICT IN EDUCATION
260
_a
NEW DELHI
_b
RENOVA INTERNATIONAL PUBLICATIONS
_c
2025
300
_a
162
942
_2
ddc
_c
BK
999
_c
33236
_d
33236